MARC details
| 000 -LEADER |
| fixed length control field |
01853cam a2200517 a 4500 |
| 001 - CONTROL NUMBER |
| control field |
20658 |
| 003 - CONTROL NUMBER IDENTIFIER |
| control field |
VRT |
| 005 - DATE AND TIME OF LATEST TRANSACTION |
| control field |
20260128145901.0 |
| 008 - FIXED-LENGTH DATA ELEMENTS--GENERAL INFORMATION |
| fixed length control field |
251029s2016 vp g 000 j slo |
| 015 ## - NATIONAL BIBLIOGRAPHY NUMBER |
| National bibliography number |
SNBZSA2021/03 |
| 020 ## - INTERNATIONAL STANDARD BOOK NUMBER |
| International Standard Book Number |
9788651703129 |
| Qualifying information |
(brož.) |
| 039 #9 - LEVEL OF BIBLIOGRAPHIC CONTROL AND CODING DETAIL [OBSOLETE] |
| Level of rules in bibliographic description |
202510291317 |
| Level of effort used to assign nonsubject heading access points |
VLOAD |
| Level of effort used to assign subject headings |
202403182252 |
| Level of effort used to assign classification |
VLOAD |
| Level of effort used to assign subject headings |
202103151756 |
| Level of effort used to assign classification |
msnk18 |
| Level of effort used to assign subject headings |
202103151633 |
| Level of effort used to assign classification |
msnk18 |
| 040 ## - CATALOGING SOURCE |
| Original cataloging agency |
TTKJF |
| Language of cataloging |
slo |
| Transcribing agency |
TTKJF |
| Modifying agency |
SNK |
| Description conventions |
AACR2 |
| 041 0# - LANGUAGE CODE |
| Language code of text/sound track or separate title |
slo |
| 044 ## - COUNTRY OF PUBLISHING/PRODUCING ENTITY CODE |
| MARC country code |
rb |
| ISO country code |
RS |
| MARC country code |
xo |
| ISO country code |
SK |
| 072 #7 - SUBJECT CATEGORY CODE |
| Subject category code |
821.162.4-3 |
| Subject category code subdivision |
Slovenská próza |
| Source |
konspekt |
| 080 ## - UNIVERSAL DECIMAL CLASSIFICATION NUMBER |
| Universal Decimal Classification number |
821.162.4-32 |
| Edition identifier |
2011 |
| 080 ## - UNIVERSAL DECIMAL CLASSIFICATION NUMBER |
| Universal Decimal Classification number |
(082.21) |
| Edition identifier |
2011 |
| 080 ## - UNIVERSAL DECIMAL CLASSIFICATION NUMBER |
| Universal Decimal Classification number |
(0:82-32) |
| Edition identifier |
2011 |
| 080 ## - UNIVERSAL DECIMAL CLASSIFICATION NUMBER |
| Universal Decimal Classification number |
(0:82-4) |
| Edition identifier |
2011 |
| 100 1# - MAIN ENTRY--PERSONAL NAME |
| Personal name |
Tajovský, Jozef Gregor, |
| Dates associated with a name |
1874-1940 |
| Relationship |
aut |
| 245 10 - TITLE STATEMENT |
| Title |
Maco Mlieč ; Mamka Pôstková ; Horký chlieb |
| Statement of responsibility, etc. |
Jozef Gregor Tajovský |
| 250 ## - EDITION STATEMENT |
| Edition statement |
1. vyd. |
| 260 ## - PUBLICATION, DISTRIBUTION, ETC. |
| Place of publication, distribution, etc. |
[Beograd] |
| Name of publisher, distributor, etc. |
Liber Novus |
| Place of publication, distribution, etc. |
[Bratislava] |
| Name of publisher, distributor, etc. |
Ringier Axel Springer Slovakia |
| Date of publication, distribution, etc. |
[2016] |
| 300 ## - PHYSICAL DESCRIPTION |
| Extent |
62 s. |
| Dimensions |
21 cm |
| 490 1# - SERIES STATEMENT |
| Series statement |
Slovenská klasika |
| Volume/sequential designation |
8 |
| 490 1# - SERIES STATEMENT |
| Series statement |
Nový čas Knižnica |
| 500 ## - GENERAL NOTE |
| General note |
Dokument obsahuje 3 diela |
| 500 ## - GENERAL NOTE |
| General note |
Kniha je vyrobená exkluzívne pre denník Nový čas v rámci projektu Nový čas Knižnica |
| 500 ## - GENERAL NOTE |
| General note |
Archaizmy: s. 60-62 |
| 655 #7 - INDEX TERM--GENRE/FORM |
| Genre/form data or focus term |
slovenské poviedky |
| Source of term |
SNKPH |
| 655 #7 - INDEX TERM--GENRE/FORM |
| Genre/form data or focus term |
Slovak stories |
| Source of term |
SNKPHeng |
| 655 #7 - INDEX TERM--GENRE/FORM |
| Genre/form data or focus term |
výbery |
| Source of term |
SNKPH |
| 655 #7 - INDEX TERM--GENRE/FORM |
| Genre/form data or focus term |
Selectionss |
| Source of term |
SNKPHeng |
| 655 #7 - INDEX TERM--GENRE/FORM |
| Genre/form data or focus term |
črty |
| Source of term |
SNKPH |
| 655 #7 - INDEX TERM--GENRE/FORM |
| Genre/form data or focus term |
Literary sketches |
| Source of term |
SNKPHeng |
| 740 02 - ADDED ENTRY--UNCONTROLLED RELATED/ANALYTICAL TITLE |
| Uncontrolled related/analytical title |
Mamka Pôstková |
| 740 02 - ADDED ENTRY--UNCONTROLLED RELATED/ANALYTICAL TITLE |
| Uncontrolled related/analytical title |
Horký chlieb |
| 810 2# - SERIES ADDED ENTRY--CORPORATE NAME |
| Corporate name or jurisdiction name as entry element |
Nový čas |
| Title of a work |
Knižnica |
| 830 #0 - SERIES ADDED ENTRY--UNIFORM TITLE |
| Uniform title |
Slovenská klasika |
| 942 ## - ADDED ENTRY ELEMENTS (KOHA) |
| Source of classification or shelving scheme |
Dewey Decimal Classification |
| Koha item type |
Krásna literatúra pre dospelých |
| Suppress in OPAC |
No |
| 949 ## - LOCAL PROCESSING INFORMATION (OCLC) |
| 6 |
17A1390017 |
| a |
snkSC 186147 |
| b |
snk2019/25491 |
| o |
1744/19+1 mpl |
| s |
6100:20210729 |
| 949 ## - LOCAL PROCESSING INFORMATION (OCLC) |
| 6 |
17A1390018 |
| a |
snkSC 186147 D1 |
| b |
snk2019/25494 |
| o |
1744/19+1 mpl |
| 949 ## - LOCAL PROCESSING INFORMATION (OCLC) |
| 6 |
270001000530542 |
| a |
svkbbA 147945 |
| b |
svkbbm 761846 |